000 00583nam a22001937a 4500
005 20251108164851.0
008 250721s9999 xx 000 0 ara d
082 1 4 _a815.09/سعي
100 1 _aمنصور، سعيد حسين
245 1 0 _aالقيم الخلقية في الخطابة العربية /
264 1 _aبنعازى :
_bجامعة بنغازى،
_c[19-].
300 _a289ص
650 1 7 _aالأدب العربي
650 1 7 _aالخطابة
650 1 7 _aالتاريخ الأدبي
650 1 7 _aالنقد الأدبي
942 _2ddc
_cBK
999 _c16218
_d16218